All foreign players Manchester United - Statistics

General Stats
  • This quiz has been taken 307 times
  • The average score is 71 of 151
Answer Stats
Hint Answer % Correct
Cristiano Ronaldo
92%
Zlatan Ibrahimović
88%
Dimitar Berbatov
86%
Ji-Sung Park
86%
Casemiro
84%
David De Gea
84%
Alexis Sánchez
81%
Marouane Fellaini
81%
Nemanja Vidić
81%
Ole Gunnar Solskjær
81%
Robin Van Persie
81%
Antonio Valencia
80%
Victor Lindelöf
80%
Diogo Dalot
79%
Juan Mata
79%
Nani
79%
Paul Pogba
79%
Romelu Lukaku
79%
Ruud Van Nistelrooy
79%
Javier Hernández
78%
Patrice Evra
78%
Bastian Schweinsteiger
77%
Bruno Fernandes
77%
Dwight Yorke
77%
Édinson Cavani
77%
Matteo Darmian
77%
Anderson
75%
Anthony Martial
75%
Edwin Van Der Sar
75%
Shinji Kagawa
75%
Raphaël Varane
74%
Christian Eriksen
73%
Eric Bailly
73%
Nemanja Matić
73%
Peter Schmeichel
73%
Tim Howard
73%
Ander Herrera
72%
André Onana
72%
Carlos Tévez
72%
Ángel Di María
71%
Éric Cantona
71%
Lisandro Martínez
71%
Radamel Falcao
71%
Rafael
71%
Fábio
69%
Henrikh Mkhitaryan
69%
Jaap Stam
69%
Alejandro Garnacho
68%
Antony
68%
Juan Sebastián Veron
68%
Fred
67%
Marcos Rojo
66%
Rasmus Højlund
66%
Morgan Schneiderlin
64%
Daley Blind
63%
Diego Forlán
63%
Henrik Larsson
63%
Sergio Romero
63%
Sofyan Amrabat
62%
Adnan Januzaj
60%
Fabien Barthez
60%
Memphis Depay
60%
Gabriel Heinze
56%
Laurent Blanc
56%
Federico Macheda
55%
Mark Bosnich
55%
Andrey Kanchelskis
54%
Mikaël Silvestre
54%
Donny Van De Beek
53%
Eric Djemba-Djemba
51%
Henning Berg
51%
Kléberson
51%
Louis Saha
51%
Quinton Fortune
51%
Ronny Johnsen
51%
Bebé
49%
Gerard Piqué
49%
Andreas Pereira
46%
Marcel Sabitzer
46%
Odion Ighalo
46%
Tyrell Malacia
46%
Wout Weghorst
46%
Joel Pereira
45%
Altay Bayındır
42%
Jesper Blomqvist
42%
Wilfried Zaha
42%
Facundo Pellistri
41%
Hannibal
41%
Raimond Van Der Gouw
41%
Amad
40%
Anders Lindegaard
40%
Karel Poborský
40%
Anthony Elanga
38%
Víctor Valdés
38%
Alexander Büttner
37%
Giuseppe Rossi
37%
Alex Telles
36%
Fangzhuo Dong
35%
Massimo Taibi
35%
Mame Diouf
34%
Tomasz Kuszczak
34%
Tahith Chong
33%
David Bellion
32%
Álvaro Fernández
31%
Timothy Fosu-Mensah
31%
Guillermo Varela
30%
Ritchie De Laet
29%
Gabriel Obertan
28%
Jordi Cruyff
28%
Reguilón
28%
Martin Dúbravka
27%
Zidane Iqbal
26%
Jesper Olsen
24%
Manucho
24%
Erik Nevland
23%
Joshua King
23%
Zoran Tošić
23%
Jonathan Spector
21%
David Johnson
19%
Arnold Mühren
18%
John Sivebæk
18%
Ron-Robert Zieler
18%
Matěj Kovář
17%
Ricardo
17%
Rodrigo Possebon
15%
Bojan Djordjic
14%
William Prunier
14%
Danny Higginbotham
13%
Magnus Eikrem
12%
Ravel Morrison
12%
Nikola Jovanović
11%
Jim Brown
10%
Ángelo Henríquez
9%
Radek Vítek
9%
Marc Jurado
8%
Marnick Vermijl
8%
Saidy Janko
8%
Di'Shon Bernard
6%
Largie Ramazani
6%
Mads Timm
6%
Björn Hardley
5%
Carlo Sartori
5%
Shola Shoretire
5%
Arnau Puigmal
4%
Floribert N'Galula
4%
Febian Brandy
3%
Matty Willock
3%
Ray Baartz
3%
Ed McIlvenny
2%
Jeff Baicher
2%
Stan Ackerly
2%
No matching quizzes found
Score Distribution
Percent of People with Each Score
Percentile by Number Answered
Your Score History
You have not taken this quiz